[Event "Ann Arbor (HVA/1/21)"]
[Site "?"]
[Date "1993.??.??"]
[Round "?"]
[White "McCarter, Robert"]
[Black "Venia, S."]
[Result "1-0"]
[WhiteElo "1725"]
[BlackElo "1605"]
[PlyCount "87"]
[EventDate "1993.??.??"]

{1/(21)} 1. d4 d5 2. Nf3 Nd7 3. Bf4 h6 4. e3 a6 5. c4 e6 6. Qb3 Ngf6 7. h3 c6
8. c5 b6 9. Ne5 Ne4 10. Nxd7 Bxd7 11. cxb6 Bd6 12. Bxd6 Nxd6 13. b7 Nxb7 14.
Qxb7 O-O 15. Qb3 Qa5+ 16. Qc3 Qb6 17. Nd2 Rfc8 18. Nb3 a5 19. Nc5 Qb4 20. Qxb4
axb4 21. Nxd7 b3 22. Nb6 Rxa2 23. Nxc8 Rxa1+ 24. Kd2 Ra8 25. Ne7+ Kf8 26. Nxc6
Rc8 27. Bb5 f5 28. Rc1 Ra8 29. Rc3 Kf7 30. Ne5+ Kf6 31. Rxb3 Ra1 32. Ke2 Rg1
33. Kf3 g6 34. Bd7 g5 35. Rb6 g4+ 36. hxg4 fxg4+ 37. Nxg4+ Kg5 38. Bxe6 h5 39.
Ne5 h4 40. Bxd5 Rh1 41. Rg6+ Kh5 42. Kf4 h3 43. Bf3+ Kh4 44. Rh6# 1-0

[Event "Troy (TCC/B/5/11)"]
[Site "?"]
[Date "1993.??.??"]
[Round "?"]
[White "McCarter, Robert"]
[Black "Snuske, R."]
[Result "1/2-1/2"]
[WhiteElo "1715"]
[BlackElo "1605"]
[PlyCount "80"]
[EventDate "1993.??.??"]

{5/(11)} 1. d4 d5 2. c4 Nf6 3. Nc3 g6 4. Bg5 Bg7 5. Bxf6 Bxf6 6. cxd5 O-O 7. e3
Nd7 8. Bc4 Nb6 9. Bb3 Bd7 10. Nf3 c6 11. dxc6 Bxc6 12. O-O Rc8 13. Qe2 e6 14.
Rfd1 Re8 15. Rac1 Bxf3 16. Qxf3 Qe7 17. Ne4 Bg7 18. Nc5 Rc6 19. Nxb7 Rxc1 20.
Rxc1 Nd5 21. Bxd5 exd5 22. Qxd5 Bxd4 23. Qxd4 Qxb7 24. f3 Rb8 25. Rc2 Rc8 26.
Rxc8+ Qxc8 27. Qc3 Qe6 28. a3 Qd7 29. Qd4 Qc7 30. Qc3 Qb8 31. b4 Qb7 32. Kf2
Qb8 33. g3 h5 34. h4 Qb7 35. Qd4 Qc7 36. Qc5 Qd7 37. Kg2 Qd2+ 38. Kh3 Qf2 39.
Qc8+ Kh7 40. Qc1 Qxf3 1/2-1/2

[Event "Ann Arbor (HVA/5/8)"]
[Site "?"]
[Date "1993.??.??"]
[Round "?"]
[White "McCarter, Robert"]
[Black "Snuske, R."]
[Result "1-0"]
[WhiteElo "1725"]
[BlackElo "1605"]
[PlyCount "95"]
[EventDate "1993.??.??"]

{5/(8)} 1. d4 b6 2. Bf4 d5 3. Nf3 Nc6 4. e3 Nf6 5. c4 e6 6. Nbd2 Bb4 7. a3
Bxd2+ 8. Nxd2 Qe7 9. Bd3 dxc4 10. Nxc4 Bb7 11. O-O g6 12. Rc1 O-O 13. Ne5 Nxe5
14. Bxe5 Ne8 15. Qg4 f5 16. Qg3 Rf7 17. h4 Rc8 18. Bf4 Ng7 19. Bg5 Qd7 20. Qe5
Qd5 21. Qxd5 Bxd5 22. Bf4 Ne8 23. Ba6 Rd8 24. Rc3 Nd6 25. Rfc1 c6 26. Bxd6 Rxd6
27. Bc4 Bxc4 28. Rxc4 Rc7 29. b4 a6 30. a4 b5 31. axb5 axb5 32. Rc5 Ra7 33.
Rxc6 Rxc6 34. Rxc6 Ra1+ 35. Kh2 Rb1 36. Rxe6 Rxb4 37. Rb6 Kg7 38. Kg3 h6 39.
Kf3 Kf7 40. d5 Rb2 41. d6 Rd2 42. Rxb5 Rxd6 43. h5 Rf6 44. Rb7+ Kg8 45. hxg6
Rxg6 46. g3 Rf6 47. Kf4 Rf8 48. Rb5 1-0

[Event "Troy (TCC/B/2/13)"]
[Site "?"]
[Date "1993.??.??"]
[Round "?"]
[White "McCarter, Robert"]
[Black "Sledge, Ernest"]
[Result "1/2-1/2"]
[WhiteElo "1715"]
[BlackElo "1770"]
[PlyCount "54"]
[EventDate "1993.??.??"]

{2/(13)} 1. d4 d5 2. Nf3 Nf6 3. Bf4 g6 4. e3 Bg7 5. c4 c6 6. Nc3 O-O 7. cxd5
cxd5 8. Bd3 a6 9. a4 Nc6 10. Rc1 Nh5 11. Bg3 Nxg3 12. hxg3 e5 13. dxe5 Nxe5 14.
Be2 Be6 15. Nd4 Rc8 16. O-O Nc4 17. b3 Nd6 18. Bf3 Qa5 19. Nce2 Ne4 20. Qd3 Nd2
21. Rfd1 Nxf3+ 22. gxf3 Qb4 23. Kg2 Qe7 24. Rxc8 Rxc8 25. Rh1 Qb4 26. Nc2 Qc5
27. Ncd4 Qd6 1/2-1/2

[Event "East Lansing (MI Op/5/37)"]
[Site "?"]
[Date "1993.??.??"]
[Round "?"]
[White "McCarter, Robert"]
[Black "Rincon, Helio"]
[Result "1/2-1/2"]
[WhiteElo "1700"]
[BlackElo "1835"]
[PlyCount "48"]
[EventDate "1993.??.??"]

{5/(37)} 1. d4 Nf6 2. Nf3 d5 3. e3 Bg4 4. h3 Bh5 5. c4 e6 6. Nbd2 Be7 7. Qb3
Qc8 8. Ne5 O-O 9. Ndf3 c6 10. Bd2 Nbd7 11. Rc1 Nxe5 12. Nxe5 Nd7 13. Nxd7 Qxd7
14. Bb4 Rfe8 15. Bxe7 Qxe7 16. cxd5 exd5 17. Bd3 Rad8 18. O-O Qd7 19. Qc2 Bg6
20. Bxg6 hxg6 21. Rfe1 g5 22. g4 Re7 23. Kg2 Rde8 24. Qd3 g6 1/2-1/2

[Event "East Lansing (MI Op/7/28)"]
[Site "?"]
[Date "1993.??.??"]
[Round "?"]
[White "McCarter, Robert"]
[Black "Pope, Nick"]
[Result "0-1"]
[WhiteElo "1700"]
[BlackElo "1805"]
[PlyCount "76"]
[EventDate "1993.??.??"]

{7/(28)} 1. d4 d5 2. Nf3 Bf5 3. e3 e6 4. c4 Nc6 5. Nc3 Nf6 6. a3 Be7 7. cxd5
exd5 8. Bd3 Bxd3 9. Qxd3 O-O 10. O-O a6 11. Bd2 Na5 12. Qc2 Nc4 13. Rfe1 Nxd2
14. Nxd2 Bd6 15. Nf3 Re8 16. Qb3 Rb8 17. Rac1 c6 18. Na4 Ne4 19. Qc2 Re6 20.
Nc5 Nxc5 21. dxc5 Bc7 22. b4 Qf6 23. Red1 Rbe8 24. Rd4 Re4 25. Rcd1 R8e6 26.
Qd3 Qe7 27. Re1 f5 28. g3 f4 29. Nd2 Rxd4 30. Qxd4 fxe3 31. fxe3 Be5 32. Qd3
Bf6 33. Nf3 Re4 34. Re2 d4 35. Kf2 Rxe3 36. Qc4+ Kf8 37. Qa2 Qe4 38. Qd2 Qxf3+
0-1

[Event "Eastpointe (EDO/5/8)"]
[Site "?"]
[Date "1993.??.??"]
[Round "?"]
[White "McCarter, Robert"]
[Black "Morrow, Chris"]
[Result "1/2-1/2"]
[WhiteElo "1715"]
[BlackElo "1835"]
[PlyCount "69"]
[EventDate "1993.??.??"]

{5/(8)} 1. d4 d5 2. Nf3 c6 3. e3 Bg4 4. h3 Bh5 5. Nbd2 e6 6. Be2 Bd6 7. O-O Nf6
8. c4 Nbd7 9. b3 h6 10. Bb2 Bg6 11. Ne5 Bxe5 12. dxe5 Ne4 13. cxd5 cxd5 14.
Nxe4 Bxe4 15. f4 O-O 16. Ba3 Re8 17. Bb5 a6 18. Bxd7 Qxd7 19. Qd4 Rec8 20. Rfd1
Qd8 21. Rdc1 Qh4 22. Qd2 Qg3 23. Rxc8+ Rxc8 24. Rc1 Rxc1+ 25. Bxc1 Kh7 26. Qf2
Qxf2+ 27. Kxf2 Kg6 28. b4 Bb1 29. a3 Kf5 30. Bb2 Ke4 31. Ke2 Bd3+ 32. Kf2 Bc4
33. a4 Bb3 34. a5 Kd3 35. Bd4 1/2-1/2

[Event "Eastpointe (MI Action/3/28)"]
[Site "?"]
[Date "1993.??.??"]
[Round "?"]
[White "McCarter, Robert"]
[Black "McMahan, M."]
[Result "1-0"]
[WhiteElo "1700"]
[BlackElo "1605"]
[PlyCount "59"]
[EventDate "1993.??.??"]

{3/(28)} 1. d4 d5 2. Nf3 Nc6 3. Bf4 Nf6 4. e3 Bf5 5. c4 e6 6. Qb3 Be7 7. h3 O-O
8. Nbd2 b6 9. Rc1 Nb4 10. cxd5 Nbxd5 11. Bh2 Bd6 12. Ne5 Re8 13. Bb5 Rf8 14.
O-O a6 15. Be2 c5 16. dxc5 bxc5 17. Ndc4 Rb8 18. Qd1 Qc7 19. Nxd6 Qxd6 20. Nc4
Qe7 21. Bxb8 Rxb8 22. Qa4 Qb7 23. Bf3 Be4 24. Nd6 Qxb2 25. Nxe4 Nxe4 26. Bxe4
Nc3 27. Rxc3 Qxc3 28. Qc2 Qb4 29. Rb1 Qa5 30. Rxb8+ 1-0

[Event "Eastpointe (EDO/3/6)"]
[Site "?"]
[Date "1993.??.??"]
[Round "?"]
[White "McCarter, Robert"]
[Black "Mazuchowski, Tom"]
[Result "0-1"]
[WhiteElo "1715"]
[BlackElo "2135"]
[PlyCount "68"]
[EventDate "1993.??.??"]

{3/(6)} 1. d4 d5 2. Nf3 Nc6 3. Bf4 Nf6 4. h3 g6 5. e3 Bg7 6. c4 O-O 7. Nc3 e6
8. cxd5 Nxd5 9. Nxd5 exd5 10. Rc1 Re8 11. Bb5 Bd7 12. O-O a6 13. Bd3 Rc8 14. a3
Na5 15. b4 Nc4 16. Qb3 b5 17. Rfd1 Qe7 18. Qa2 c6 19. Bb1 Ra8 20. Nd2 a5 21.
Nxc4 bxc4 22. Qd2 axb4 23. axb4 Ra4 24. f3 g5 25. Bxh7+ Kxh7 26. Qc2+ Kg8 27.
Bxg5 Qxg5 28. Qxa4 Qxe3+ 29. Kh2 Qf4+ 30. Kh1 Bxh3 31. Qxc6 Re2 32. Rg1 Be6 33.
Rgd1 Qh4+ 34. Kg1 Qf2+ 0-1

[Event "Lansing (MI Am/4)"]
[Site "?"]
[Date "1993.??.??"]
[Round "?"]
[White "McCarter, Robert"]
[Black "Lewis, C."]
[Result "1/2-1/2"]
[WhiteElo "1715"]
[BlackElo "1605"]
[PlyCount "87"]
[EventDate "1993.??.??"]

1. d4 Nf6 2. Nf3 b6 3. Bf4 Bb7 4. Nbd2 e6 5. e3 h6 6. h3 Be7 7. Be2 O-O 8. c4
d5 9. a3 Bd6 10. Bxd6 Qxd6 11. O-O Nbd7 12. b4 c5 13. bxc5 bxc5 14. dxc5 Nxc5
15. cxd5 Qxd5 16. Bc4 Qh5 17. Qe2 Nfe4 18. Nxe4 Nxe4 19. Qb2 Rab8 20. Qe5 Ng5
21. Nxg5 hxg5 22. f4 Qg6 23. Qxg5 Qe4 24. Rfc1 Qxe3+ 25. Kh2 Rbc8 26. Qg3 Qd4
27. Bf1 Qf6 28. Qe3 a5 29. Rab1 Bd5 30. Be2 g6 31. Bf3 Bxf3 32. Qxf3 Rxc1 33.
Rxc1 Qb2 34. Rc5 Qd2 35. Kg3 Rd8 36. Rc3 Qe1+ 37. Kg4 Kg7 38. Re3 Qb1 39. Kg3
Qb6 40. Qe4 Rd5 41. Qf3 Qc7 42. Rc3 Qd7 43. Rb3 a4 44. Re3 1/2-1/2

[Event "Ann Arbor (HVA/2/4)"]
[Site "?"]
[Date "1993.??.??"]
[Round "?"]
[White "McCarter, Robert"]
[Black "Emke, Robert"]
[Result "1/2-1/2"]
[WhiteElo "1725"]
[BlackElo "1895"]
[PlyCount "61"]
[EventDate "1993.??.??"]

{2/(4)} 1. d4 e6 2. Nf3 f5 3. Bf4 Nf6 4. e3 d5 5. h3 Ne4 6. Nbd2 Nd7 7. Nxe4
fxe4 8. Ne5 Nf6 9. c4 Bb4+ 10. Ke2 c6 11. c5 Ba5 12. Qa4 Bc7 13. Kd2 O-O 14.
Be2 Bxe5 15. Bxe5 Nd7 16. Bg3 Qf6 17. Rhf1 e5 18. dxe5 Nxe5 19. Qd4 Nd7 20.
Qxf6 Nxf6 21. Bd6 Rf7 22. b4 Bd7 23. Be5 Re8 24. Bd4 Ref8 25. f4 exf3 26. Rxf3
Ne4+ 27. Ke1 Rxf3 28. Bxf3 Ng5 29. Be2 Ne4 30. Bf3 Ng5 31. Be2 1/2-1/2

[Event "Eastpointe (MI Action/1/25)"]
[Site "?"]
[Date "1993.??.??"]
[Round "?"]
[White "McCarter, Robert"]
[Black "Choate, Eric"]
[Result "1-0"]
[WhiteElo "1700"]
[BlackElo "1605"]
[PlyCount "63"]
[EventDate "1993.??.??"]

{1/(25)} 1. d4 d5 2. Nf3 Nc6 3. Bf4 Nf6 4. e3 Bf5 5. c4 dxc4 6. Bxc4 e6 7. h3
Bb4+ 8. Nbd2 O-O 9. O-O Nh5 10. Bh2 Qf6 11. a3 Qg6 12. Nh4 Qg5 13. Nxf5 Qxf5
14. axb4 Nxb4 15. Be2 Rad8 16. Bxh5 Rd5 17. e4 Rxd4 18. exf5 exf5 19. Qb3 Nd5
20. Rfd1 Nf6 21. Bf3 Rfd8 22. Nc4 h6 23. Rxd4 Rxd4 24. Rd1 Rxd1+ 25. Qxd1 b5
26. Qd8+ Kh7 27. Ne5 a5 28. Nxf7 c5 29. Qh8+ Kg6 30. Ne5+ Kg5 31. Qxg7+ Kh4 32.
Bg3# 1-0

[Event "East Lansing (MI Op/1a/16)"]
[Site "?"]
[Date "1993.??.??"]
[Round "?"]
[White "McCarter, Robert"]
[Black "Brattin, Vincent"]
[Result "0-1"]
[WhiteElo "1700"]
[BlackElo "2015"]
[PlyCount "82"]
[EventDate "1993.??.??"]

1. d4 c6 2. Nf3 d5 3. e3 Bf5 4. c4 e6 5. Qb3 Qb6 6. Nc3 Nd7 7. cxd5 exd5 8. Qa4
Ngf6 9. a3 h6 10. b4 Be7 11. Qb3 O-O 12. Na4 Qc7 13. h3 a5 14. b5 cxb5 15. Qxb5
Bc2 16. Bb2 Bxa4 17. Qxa4 b5 18. Qd1 Qb6 19. Bd3 Rfc8 20. O-O a4 21. Qe2 b4 22.
axb4 Bxb4 23. Ba3 Bxa3 24. Rxa3 Qb4 25. Qa2 Rc3 26. Rxc3 Qxc3 27. Qc2 Qa5 28.
Qa2 a3 29. Rb1 Ne4 30. Bxe4 dxe4 31. Nd2 Nf6 32. Nc4 Qc3 33. Nd6 Ra7 34. Rb8+
Kh7 35. Nxf7 Qc1+ 36. Kh2 Qc7+ 37. g3 Qxb8 38. Qe6 Rxf7 39. Qxf7 Qb2 40. Qe6
Qxf2+ 41. Kh1 a2 0-1

[Event "Lansing (MI Am/2)"]
[Site "?"]
[Date "1993.??.??"]
[Round "?"]
[White "McCarter, Robert"]
[Black "Beydoun, N."]
[Result "0-1"]
[WhiteElo "1715"]
[BlackElo "1925"]
[PlyCount "54"]
[EventDate "1993.??.??"]

1. d4 f5 2. g3 Nf6 3. Bg2 e6 4. e3 d5 5. c4 c6 6. cxd5 exd5 7. Nf3 Bd6 8. O-O
O-O 9. Nc3 Qe8 10. a3 Ne4 11. Ne2 Nd7 12. b4 Ndf6 13. Bb2 g5 14. Ne5 Ng4 15.
Nxg4 fxg4 16. f3 gxf3 17. Bxf3 Rxf3 18. Rxf3 Bg4 19. Rf1 Qh5 20. Qc2 Bxe2 21.
Rfe1 Bf3 22. Rf1 Bxg3 23. Rxf3 Qxf3 24. hxg3 Qxe3+ 25. Kh1 Rf8 26. Qc1 Qxg3 27.
Qg1 Nf2+ 0-1

[Event "East Lansing (MI Op/3/28)"]
[Site "?"]
[Date "1993.??.??"]
[Round "?"]
[White "McCarter, Robert"]
[Black "Baze, Lineas"]
[Result "0-1"]
[WhiteElo "1700"]
[BlackElo "2085"]
[PlyCount "130"]
[EventDate "1993.??.??"]

{3/(28)} 1. d4 Nf6 2. Nf3 g6 3. Bg5 Bg7 4. Nbd2 h6 5. Bxf6 Bxf6 6. e4 b6 7. Bd3
Bb7 8. c3 d6 9. O-O Nd7 10. Re1 e5 11. d5 O-O 12. b4 Bg7 13. Bb5 f5 14. Bc6
Bxc6 15. dxc6 Nf6 16. exf5 gxf5 17. Nh4 Ng4 18. Nxf5 Nxf2 19. Qb3+ Kh8 20. Nxg7
Kxg7 21. Rf1 Qg5 22. Nf3 Rxf3 23. Rxf2 Rxf2 24. Kxf2 Rf8+ 25. Kg1 Qe3+ 26. Kh1
Qe2 27. Qd1 Qxd1+ 28. Rxd1 Rf2 29. Kg1 Rxa2 30. Rd3 Rc2 31. Rg3+ Kf7 32. b5 d5
33. Rh3 e4 34. Rh5 e3 35. Kf1 Ke6 36. Rxh6+ Ke5 37. Rh7 Ke4 38. Rxc7 Kd3 39. g4
Rxh2 40. Re7 e2+ 41. Kg1 Rh4 42. c7 Rxg4+ 43. Kf2 Rf4+ 44. Kg2 Rc4 45. Kf3 Rxc7
46. Re3+ Kc4 47. Kxe2 Kxb5 48. Kd3 Rc4 49. Re5 Kc5 50. Re7 a5 51. Rc7+ Kb5 52.
Rd7 Kc6 53. Rd8 b5 54. Rb8 a4 55. Ra8 Rg4 56. Rc8+ Kb6 57. Rb8+ Ka6 58. Rd8 Rg1
59. Kc2 Rg5 60. Kd3 Kb6 61. Kd4 a3 62. Ra8 Rg4+ 63. Kd3 Ra4 64. Rb8+ Kc7 65.
Rxb5 a2 0-1

[Event "Eastpointe (EDO/2/9)"]
[Site "?"]
[Date "1993.??.??"]
[Round "?"]
[White "McCarter, Robert"]
[Black "Ball, Ed"]
[Result "1/2-1/2"]
[WhiteElo "1715"]
[BlackElo "2000"]
[PlyCount "124"]
[EventDate "1993.??.??"]

{2/(9)} 1. d4 g6 2. c4 Bg7 3. Nc3 d6 4. e4 c6 5. Nf3 Bg4 6. Be2 Nd7 7. O-O Bxf3
8. Bxf3 e5 9. d5 c5 10. Be3 Ne7 11. Qd2 O-O 12. Bh6 f5 13. Bxg7 Kxg7 14. exf5
Nxf5 15. Be2 Nf6 16. Bd3 Nd4 17. f4 Nd7 18. fxe5 Nxe5 19. Rxf8 Qxf8 20. Rf1 Qe7
21. b3 Re8 22. Be4 a6 23. Qf4 b5 24. Qd2 b4 25. Nd1 Nxc4 26. bxc4 Qxe4 27. Qf2
Nf5 28. Qb2+ Qd4+ 29. Qxd4+ Nxd4 30. Rf2 Re2 31. Kf1 Rxf2+ 32. Kxf2 a5 33. Nb2
Kf6 34. Ke3 Ke5 35. Nd3+ Kf5 36. Nb2 Nc2+ 37. Kd2 Na3 38. Ke3 Nb1 39. Na4 Ke5
40. h3 h5 41. Kd3 Kf4 42. Nxc5 Nc3 43. Nb7 Nxa2 44. Nxa5 h4 45. Kc2 Nc3 46. Nc6
Ne4 47. Nxb4 Kg3 48. Nd3 g5 49. Ne1 Kf2 50. Kd3 Nc5+ 51. Kd2 Kf1 52. Nf3 Kxg2
53. Nxg5 Kf2 54. Ne6 Nd7 55. Ng7 Kg2 56. Nf5 Kxh3 57. Ke2 Nb6 58. Nxd6 Kg2 59.
Nf5 h3 60. Ne3+ Kg1 61. Ng4 Nxc4 62. Kf3 Ne5+ 1/2-1/2

[Event "East Lansing (MI Op/1b/10)"]
[Site "?"]
[Date "1993.??.??"]
[Round "?"]
[White "Mazuchowski, Tom"]
[Black "Williams, Ron"]
[Result "1-0"]
[WhiteElo "2100"]
[BlackElo "1880"]
[PlyCount "85"]
[EventDate "1993.??.??"]

1. f4 c5 2. Nf3 Nc6 3. g3 g6 4. Bg2 Bg7 5. d3 d5 6. O-O Nf6 7. Nc3 O-O 8. Bd2
Re8 9. a3 Rb8 10. e4 dxe4 11. dxe4 e5 12. Nxe5 Nxe5 13. fxe5 Ng4 14. Nd5 Nxe5
15. Bf4 Be6 16. Qc1 Ng4 17. Bxb8 Qxb8 18. c3 Bh6 19. Qd1 Qe5 20. Qf3 Bg5 21.
Nf4 h5 22. h3 Nh6 23. Rad1 h4 24. gxh4 Bxh4 25. Nxe6 Rxe6 26. Qf4 Qxf4 27. Rxf4
Bg3 28. Rf3 Be5 29. Rd5 b6 30. Rfd3 a5 31. Rd8+ Kg7 32. R8d7 Ng8 33. Bf3 Nf6
34. Rb7 g5 35. Bg4 Rc6 36. Bd7 Nxd7 37. Rdxd7 Rf6 38. Re7 Bf4 39. e5 Be3+ 40.
Kg2 Rf2+ 41. Kg3 Kg6 42. Rxb6+ Kh5 43. Re8 1-0

[Event "East Lansing (MI Op/5/5)"]
[Site "?"]
[Date "1993.??.??"]
[Round "?"]
[White "Mazuchowski, Tom"]
[Black "Thompson, Dexter"]
[Result "1-0"]
[WhiteElo "2100"]
[BlackElo "2265"]
[PlyCount "107"]
[EventDate "1993.??.??"]

{5/(5)} 1. e4 e5 2. f4 exf4 3. Be2 h6 4. d4 g5 5. h4 Bg7 6. hxg5 hxg5 7. Rxh8
Bxh8 8. Bc4 Nf6 9. Nc3 d6 10. g3 Bg4 11. Qd3 Nh5 12. e5 dxe5 13. Qh7 Bg7 14.
Qg8+ Kd7 15. Qxf7+ Qe7 16. Qd5+ Kc8 17. Qg8+ Qf8 18. Qxf8+ Bxf8 19. Be2 Bxe2
20. Ncxe2 Nc6 21. dxe5 Nb4 22. Kd1 Bc5 23. gxf4 gxf4 24. Nf3 Nd5 25. Ned4 Kd7
26. a3 Rg8 27. c4 Bxd4 28. cxd5 Rg3 29. Ke2 Rg2+ 30. Kd3 Bxb2 31. Bxb2 Rxb2 32.
Rh1 Rb3+ 33. Kc4 Rxf3 34. Rxh5 Rxa3 35. Rh7+ Ke8 36. Rxc7 f3 37. Rxb7 Re3 38.
e6 Re4+ 39. Kc5 f2 40. Rf7 Re2 41. Kd6 a5 42. Re7+ Kf8 43. Rf7+ Kg8 44. Ke7 a4
45. d6 a3 46. d7 Rd2 47. Rxf2 a2 48. Rxd2 a1=Q 49. d8=Q+ Kh7 50. Qd3+ Kh6 51.
Rh2+ Kg5 52. Qg3+ Kf5 53. Qf3+ Ke5 54. Qf6+ 1-0

[Event "Eastpointe (EDO/4/2)"]
[Site "?"]
[Date "1993.??.??"]
[Round "?"]
[White "Mazuchowski, Tom"]
[Black "Thompson, Dexter"]
[Result "1/2-1/2"]
[WhiteElo "2135"]
[BlackElo "2230"]
[PlyCount "119"]
[EventDate "1993.??.??"]

{4/(2)} 1. e4 e5 2. f4 exf4 3. Be2 Qh4+ 4. Kf1 Nc6 5. d4 d6 6. Nc3 Nf6 7. Nf3
Qh6 8. e5 Nh5 9. Nd5 Kd8 10. Nh4 Be6 11. c4 g6 12. Bxh5 Qxh5 13. Nf3 g5 14. Kf2
dxe5 15. dxe5 Bc5+ 16. Kf1 Kc8 17. b3 Rd8 18. Qe2 Bg4 19. Bb2 Bxf3 20. Qxf3
Qxf3+ 21. gxf3 Bd4 22. Bxd4 Nxd4 23. Rd1 c5 24. Kf2 Re8 25. Nf6 Rxe5 26. Ne4 b6
27. Rhg1 h6 28. h4 f5 29. Nc3 Re3 30. Nb5 Rxf3+ 31. Ke1 Re3+ 32. Kf2 g4 33.
Nxd4 cxd4 34. Rxd4 g3+ 35. Kf1 Kc7 36. Rxf4 Rd8 37. Rxf5 Rd1+ 38. Kg2 Rd2+ 39.
Kh3 Rf2 40. Rh5 g2+ 41. Kh2 Rxa2 42. Rxh6 Rxb3 43. Rxg2 Rxg2+ 44. Kxg2 Rc3 45.
Rh7+ Kb8 46. Rh8+ Kb7 47. Rh7+ Kc6 48. Rxa7 Rxc4 49. Kg3 b5 50. h5 Rc3+ 51. Kg4
Rc1 52. h6 b4 53. Ra2 Rh1 54. Kg5 Kd5 55. Kg6 b3 56. Rb2 Rg1+ 57. Kf7 Kc4 58.
h7 Rf1+ 59. Kg7 Rg1+ 60. Kf7 1/2-1/2

[Event "Troy (TCC/X/1b/3)"]
[Site "?"]
[Date "1993.??.??"]
[Round "?"]
[White "Mazuchowski, Tom"]
[Black "Sacco, G."]
[Result "1-0"]
[WhiteElo "2135"]
[BlackElo "2070"]
[PlyCount "75"]
[EventDate "1993.??.??"]

1. e4 c5 2. Nc3 Nc6 3. Nge2 d6 4. g3 g6 5. Bg2 Bg7 6. O-O e6 7. d3 Nge7 8. Bg5
h6 9. Be3 O-O 10. Qd2 Kh7 11. Nd1 Rb8 12. c3 b5 13. Kh1 b4 14. f4 a5 15. g4
bxc3 16. bxc3 Ba6 17. f5 gxf5 18. gxf5 Ng8 19. Nf4 Qe7 20. Bh3 Ne5 21. Nb2 exf5
22. Bxf5+ Ng6 23. Rg1 Bb7 24. Rxg6 fxg6 25. Nxg6 Qf6 26. Nxf8+ Kh8 27. Ng6+ Kh7
28. Rf1 Re8 29. c4 Rxe4 30. dxe4 Bxe4+ 31. Bxe4 Qxf1+ 32. Bg1 Bd4 33. Ne5+ Kh8
34. Nf3 Nf6 35. Qxh6+ Kg8 36. Qg6+ Kf8 37. Nxd4 cxd4 38. Bg2 1-0

[Event "Flint (MI Senior/4)"]
[Site "?"]
[Date "1993.??.??"]
[Round "?"]
[White "Mazuchowski, Tom"]
[Black "Poschel, Paul"]
[Result "1/2-1/2"]
[WhiteElo "2135"]
[BlackElo "2280"]
[PlyCount "83"]
[EventDate "1993.??.??"]

1. e4 c5 2. Nc3 e6 3. Nge2 Nc6 4. g3 Nge7 5. Bg2 Nd4 6. Nxd4 cxd4 7. Ne2 Nc6 8.
d3 Bc5 9. O-O d6 10. a3 O-O 11. b4 Bb6 12. Bb2 e5 13. h3 Rb8 14. Kh2 Ne7 15. f4
f5 16. c3 dxc3 17. Qb3+ Kh8 18. Bxc3 Nc6 19. Qb2 a6 20. a4 Be6 21. b5 axb5 22.
axb5 Nd4 23. Nxd4 Bxd4 24. Bxd4 exd4 25. Qxd4 Qd7 26. b6 Rfc8 27. Rfc1 h6 28.
Qb2 d5 29. exd5 Bxd5 30. Qd4 Bc6 31. Qxd7 Bxd7 32. Rxc8+ Rxc8 33. Ra2 Rc3 34.
Rb2 Bc6 35. d4 Bxg2 36. Kxg2 Kg8 37. Rb5 Rc6 38. Kf3 g6 39. Rb3 Kf7 40. Ke3 Ke6
41. Kd3 Kd6 42. g4 1/2-1/2

[Event "East Lansing (MI Op/7/3)"]
[Site "?"]
[Date "1993.??.??"]
[Round "?"]
[White "Mazuchowski, Tom"]
[Black "Noren, Kevin"]
[Result "1/2-1/2"]
[WhiteElo "2100"]
[BlackElo "2260"]
[PlyCount "36"]
[EventDate "1993.??.??"]

{7/(3)} 1. e4 c5 2. Nc3 Nc6 3. Nge2 g6 4. d4 cxd4 5. Nxd4 Bg7 6. Be3 Nf6 7. Bc4
Qa5 8. O-O O-O 9. Bb3 d6 10. h3 Bd7 11. Re1 Qh5 12. Qxh5 Nxh5 13. Rad1 Nxd4 14.
Bxd4 Rfd8 15. Bxg7 Nxg7 16. e5 dxe5 17. Rxe5 e6 18. Re4 Kf8 1/2-1/2

[Event "Eastpointe (EDO/2/4)"]
[Site "?"]
[Date "1993.??.??"]
[Round "?"]
[White "Mazuchowski, Tom"]
[Black "Manion, Tom"]
[Result "1-0"]
[WhiteElo "2135"]
[BlackElo "1835"]
[PlyCount "147"]
[EventDate "1993.??.??"]

{2/(4)} 1. e4 Nf6 2. e5 Nd5 3. d4 c5 4. c4 Nb4 5. d5 g6 6. Nf3 Bg7 7. Nc3 O-O
8. Be3 d6 9. a3 N4a6 10. exd6 exd6 11. Bd3 Bg4 12. h3 Bxf3 13. Qxf3 Nd7 14. Qd1
Ne5 15. Be2 Nc7 16. O-O f5 17. Qd2 Re8 18. Bg5 Qd7 19. Rab1 Nf7 20. Bf4 a6 21.
Bd1 b5 22. b3 Rab8 23. Bc2 Ne5 24. Bxe5 Bxe5 25. Ne2 Qg7 26. Bd3 b4 27. axb4
Rxb4 28. Bc2 Re7 29. Kh1 Ne8 30. f4 Bf6 31. Rf3 Qh6 32. Kh2 Ng7 33. Re3 Nh5 34.
Rxe7 Bxe7 35. Qe3 Qf8 36. Ra1 Rb6 37. Qe6+ Kh8 38. Rf1 Ng7 39. Qe3 Qf6 40. g4
fxg4 41. hxg4 Qh4+ 42. Qh3 Qxh3+ 43. Kxh3 Bf6 44. Kg3 Kg8 45. Kf3 Rb8 46. Ng3
Rf8 47. Ne4 Be5 48. Ke3 Bd4+ 49. Kd3 Be5 50. Ke3 Bd4+ 51. Ke2 Ne8 52. Ng5 Ng7
53. Ne6 Re8 54. f5 gxf5 55. gxf5 Bf6 56. Kd3 a5 57. Bd1 Kf7 58. Rh1 Rh8 59. Ke4
h5 60. Nxg7 Bxg7 61. Bxh5+ Kf6 62. Kf4 Bh6+ 63. Kg4 Rg8+ 64. Bg6 Bd2 65. Rh7
Rg7 66. Rh8 Rb7 67. Rd8 Rb6 68. Rf8+ Kg7 69. Rf7+ Kg8 70. f6 Bc3 71. Kf5 Rxb3
72. Re7 Rb8 73. f7+ Kf8 74. Re8+ 1-0

[Event "Flint (MI Senior/2)"]
[Site "?"]
[Date "1993.??.??"]
[Round "?"]
[White "Mazuchowski, Tom"]
[Black "Jointer, William"]
[Result "1-0"]
[WhiteElo "2135"]
[BlackElo "1720"]
[PlyCount "43"]
[EventDate "1993.??.??"]

1. e4 c6 2. d4 d5 3. Nd2 dxe4 4. Nxe4 Bf5 5. Ng3 Bg6 6. h4 h6 7. Nf3 Nf6 8. h5
Bh7 9. Bd3 Nbd7 10. Bxh7 Rxh7 11. Qd3 Qa5+ 12. Bd2 Qb6 13. O-O-O O-O-O 14. c4
e6 15. Kb1 Rh8 16. Ne4 Ng4 17. Qe2 Ba3 18. Bf4 f5 19. c5 Nxc5 20. dxc5 Bxc5 21.
Nxc5 Qxc5 22. Qxe6+ 1-0

[Event "Troy (TCC/X/3/2)"]
[Site "?"]
[Date "1993.??.??"]
[Round "?"]
[White "Mazuchowski, Tom"]
[Black "Finegold, Gina"]
[Result "1-0"]
[WhiteElo "2135"]
[BlackElo "2025"]
[PlyCount "75"]
[EventDate "1993.??.??"]

{3/(2)} 1. e4 e5 2. Nc3 Nf6 3. g3 Bc5 4. Bg2 O-O 5. d3 c6 6. Nf3 d6 7. O-O Bg4
8. h3 Bxf3 9. Qxf3 b5 10. g4 Nbd7 11. Kh2 Qc7 12. g5 Ne8 13. Qg3 f6 14. g6 hxg6
15. Qxg6 Nb6 16. Bf3 Qf7 17. Bh5 Qxg6 18. Bxg6 Nc8 19. Bf5 Kf7 20. f4 Ne7 21.
Bg4 g6 22. Ne2 Kg7 23. c3 f5 24. Bf3 fxe4 25. dxe4 Nf6 26. fxe5 dxe5 27. Bg5
Nh7 28. Bh4 g5 29. Bg3 Ng6 30. Bg4 Rxf1 31. Rxf1 Rd8 32. b4 Bb6 33. a4 Rd2 34.
a5 Be3 35. Be1 Rc2 36. Kh1 Nf6 37. Ng3 Nf4 38. Nf5+ 1-0

[Event "East Lansing (MI Op/3/4)"]
[Site "?"]
[Date "1993.??.??"]
[Round "?"]
[White "Mazuchowski, Tom"]
[Black "Feldman, Steve"]
[Result "0-1"]
[WhiteElo "2100"]
[BlackElo "2315"]
[PlyCount "102"]
[EventDate "1993.??.??"]

{3/(4)} 1. f4 d5 2. Nf3 Nf6 3. g3 g6 4. Bg2 Bg7 5. O-O O-O 6. d3 Nbd7 7. Nc3
Nc5 8. e3 b6 9. Nd4 Bb7 10. g4 e6 11. Bh3 Ne8 12. Nf3 Nd6 13. Qe1 f5 14. g5 Qe7
15. Bg2 Nf7 16. d4 Ne4 17. Ne2 Ba6 18. Kh1 c5 19. c3 Rac8 20. Rg1 b5 21. Ne5
Nxe5 22. dxe5 Bb7 23. Bxe4 dxe4 24. h4 Rfd8 25. h5 Rd3 26. Ng3 Rcd8 27. Qe2 Qd7
28. Nf1 Rd1 29. Nd2 Rxd2 30. Bxd2 Qxd2 31. Qxd2 Rxd2 32. h6 Bf8 33. a4 b4 34.
c4 Rxb2 35. Rgd1 b3 36. Rd8 Ra2 37. Rb1 b2 38. Rd2 Ba6 39. Rdxb2 Rxb2 40. Rxb2
Bxc4 41. Rb7 a6 42. Kg1 Bd3 43. Kf2 c4 44. a5 c3 45. Ke1 c2 46. Kd2 Ba3 47. Rc7
c1=Q+ 48. Rxc1 Bxc1+ 49. Kxc1 Kf7 50. Kd2 Ke7 51. Kc3 Kd7 0-1

[Event "Troy (TCC/X/4/1)"]
[Site "?"]
[Date "1993.??.??"]
[Round "?"]
[White "Mazuchowski, Tom"]
[Black "Everett, Morgan"]
[Result "1-0"]
[WhiteElo "2135"]
[BlackElo "2155"]
[PlyCount "117"]
[EventDate "1993.??.??"]

{4/(1)} 1. e4 e5 2. Nc3 Nf6 3. g3 d6 4. Bg2 Be7 5. Nge2 O-O 6. O-O c6 7. d3 d5
8. h3 dxe4 9. dxe4 Na6 10. a3 Nc5 11. Kh2 Qc7 12. f4 b6 13. f5 Ba6 14. g4 Rad8
15. Qe1 Bxe2 16. Qxe2 Rd6 17. g5 Ne8 18. b4 Nb7 19. Be3 Qd8 20. h4 Nc7 21. Bh3
Re8 22. f6 Bf8 23. fxg7 Bxg7 24. Qh5 Rg6 25. Rad1 Nd6 26. Bf5 Ne6 27. Bxg6 hxg6
28. Qe2 Nd4 29. Qg2 Qc7 30. Rf2 Nc4 31. Bc1 Ne6 32. Qf3 Nd4 33. Qd3 b5 34. Rdf1
Re7 35. Ne2 Ne6 36. Rd1 a6 37. Kg1 Re8 38. Rdf1 Rd8 39. Qf3 Rd7 40. Kh1 Qd8 41.
Ng3 Nd6 42. c3 c5 43. Rd2 Qc7 44. Rfd1 Rd8 45. Nf1 cxb4 46. axb4 Qc6 47. Rd5
Qc7 48. Qd3 Bf8 49. Nh2 Be7 50. Ng4 Kg7 51. Qf3 Rh8 52. Nh6 Rf8 53. Kg2 f6 54.
Qg4 f5 55. exf5 gxf5 56. Qg3 Nf4+ 57. Bxf4 exf4 58. Qd3 Ne4 59. Nxf5+ $138 1-0